MARC details
| 000 -LEADER |
| fixed length control field |
01135nam a2200265 a 4500 |
| 008 - FIXED-LENGTH DATA ELEMENTS--GENERAL INFORMATION |
| fixed length control field |
170331s2011 ||||||||||||||||| || u |
| 010 ## - LIBRARY OF CONGRESS CONTROL NUMBER |
| LC control number |
2009048873 |
| 020 ## - INTERNATIONAL STANDARD BOOK NUMBER |
| International Standard Book Number |
9780702029943 (alk. paper) |
| 020 ## - INTERNATIONAL STANDARD BOOK NUMBER |
| International Standard Book Number |
0702029947 (alk. paper) |
| 050 ## - LIBRARY OF CONGRESS CALL NUMBER |
| Classification number |
RD 34 Ram |
| 100 ## - MAIN ENTRY--PERSONAL NAME |
| Personal name |
Ramachandran, Manoj |
| 245 10 - TITLE STATEMENT |
| Title |
Clinical cases and OSCEs in surgery. ( 2nd ed.) |
| Statement of responsibility, etc. |
Manoj Ramachandran, Marc A. Gladman ; photographer, Pramod Achan ; contribution from Thomas P J Crompton |
| 250 ## - EDITION STATEMENT |
| Edition statement |
2nd ed. |
| 260 ## - PUBLICATION, DISTRIBUTION, ETC. |
| Place of publication, distribution, etc. |
Edinburgh ; New York |
| Name of publisher, distributor, etc. |
Churchill Livingstone/Elsevier |
| Date of publication, distribution, etc. |
2011 |
| 260 ## - PUBLICATION, DISTRIBUTION, ETC. |
| Place of publication, distribution, etc. |
Edinburgh ; New York |
| Name of publisher, distributor, etc. |
Churchill Livingstone |
| Date of publication, distribution, etc. |
2011 |
| 300 ## - PHYSICAL DESCRIPTION |
| Extent |
xv, 257 p. : ill |
| 350 ## - |
| -- |
50.95 |
| 500 ## - GENERAL NOTE |
| General note |
Includes bibliographical references and index. |
| 650 #0 - SUBJECT ADDED ENTRY--TOPICAL TERM |
| Topical term or geographic name entry element |
SURGERY- EXAMINATIONS - STUDY GUIDES |
| 650 #3 - SUBJECT ADDED ENTRY--TOPICAL TERM |
| Topical term or geographic name entry element |
SURGICAL PROCEDURES, OPERATIVE - METHODS- CASE REPORTS |
| 650 #0 - SUBJECT ADDED ENTRY--TOPICAL TERM |
| Topical term or geographic name entry element |
SURGERY - CASE STUDIES |
| 700 ## - ADDED ENTRY--PERSONAL NAME |
| Personal name |
Gladman, Marc A |
| 995 ## - |
| -- |
MEDICAL LIBRARY OPEN ACCESS |
| -- |
903812 |
| -- |
CBU-SCHOOL OF MEDICINE LIBRARY (Ndola) |
| -- |
50.95 |
| -- |
RD 34 Ram |
| -- |
1 |
| -- |
AVAILABLE |
| -- |
Mar 29, 2017 |
| -- |
903812 |
| -- |
Medical Library Open Access Collection |
| 999 ## - |
| -- |
30997 |
| -- |
30997 |